Statistics for Countries That Bordered The German Confederation In 1871

Click here to take the quiz!

General Stats

  • This quiz has been taken 21 times
  • The average score is 6 of 8

Answer Stats

Countries% Correct
France
100%
Austria-Hungary
89%
Belgium
89%
Denmark
84%
Netherlands
84%
Switzerland
84%
Russian Empire
53%
Sweden
32%

Score Distribution

Percentile by Number Answered

Percent of People with Each Score

Your Score History

You have not taken this quiz